Lipidy izolované zo sliviek

Na minha lista:
Detalhes bibliográficos
Autor principal: Smatanová, Mária, 1986- (Author)
Outros Autores: Fodran, Peter, 1948- (Thesis advisor)
Formato: Manuscrito Livro
Idioma:eslovaco
Publicado em: 2015
Assuntos:
Acesso em linha:http://is.stuba.sk/zp/portal_zp.pl?podrobnosti=113173
Tags: Adicionar Tag
Sem tags, seja o primeiro a adicionar uma tag!

MARC

LEADER 00000ntm a22000003a 4500
001 stuzp52759
003 SK-STU
005 20160719154254.5
007 ta
008 150427s2015----xo-----f-mn---000-0-slo-d
040 |a STU  |b slo 
041 0 |a slo 
100 1 |a Smatanová, Mária,  |d 1986-  |u 043360  |4 aut  |U FCHPT Ústav biochémie, výživy a ochrany zdravia  |T FCHPT Oddelenie výživy a hodnotenia potravín  |X 69617  |U C3360  |Y 114  |7 A0000069617 
242 0 1 |a Lipids isolated from plums  |y eng 
245 1 0 |a Lipidy izolované zo sliviek 
260 |c 2015 
650 4 |a slivka  |2 slo 
650 4 |a lipid  |2 slo 
650 4 |a kyselina oleanolová  |2 slo 
650 4 |a oleanolic acid  |2 eng 
650 4 |a plum  |2 eng 
650 4 |a lipid  |2 eng 
700 1 |a Fodran, Peter,  |d 1948-  |4 ths  |X 4028  |7 A0000004028 
856 4 |u http://is.stuba.sk/zp/portal_zp.pl?podrobnosti=113173 
SQL |a stuzp52759  |b DDP  |c SLO  |d Lipidy izolované zo sliviek  |e 69617  |f Smatanová, Mária  |g 043360  |h 4028  |i Fodran, Peter  |j 20150609  |k 129  |l 04  |m http://is.stuba.sk/zp/portal_zp.pl?podrobnosti=113173  |n I-VYOZDR  |o 5.2.24. potravinárstvo